Movies Quiz

Random Movies or Football Quiz

Escape to Victory Quiz Stats

 Plays Quiz not verified by Sporcle

Challenge
Share
Tweet
Embed
Score 0/14 Timer 08:00
0 Plays Today
Nationality of footballer Name of footballer % Correct
BrazilianPele
98.3%
EnglishBobby Moore
87.8%
ArgentinianOsvaldo Ardiles
58.9%
ScottishJohn Wark
55.6%
EnglishMike Summerbee
39.4%
EnglishRussell Osman
35%
IrishKevin O'Callaghan
25.6%
Nationality of footballer Name of footballer % Correct
Polish Kazimierz Deyna
23.3%
BelgianPaul Van Himst
16.1%
EnglishLaurie Sivell
14.4%
DutchCo Prins
12.8%
NorwegianHallvar Thoresen
7.8%
DanishSøren Lindsted
6.7%
EnglishRobin Turner
6.1%

You're not logged in!

Compare scores with friends on all Sporcle quizzes.
OR
Log In

You Might Also Like...

Show Comments

Extras

Top Quizzes Today


Score Distribution

Your Account Isn't Verified!

In order to create a playlist on Sporcle, you need to verify the email address you used during registration. Go to your Sporcle Settings to finish the process.

Report this User

Report this user for behavior that violates our Community Guidelines.

Details: